000 01266nam a2200325Ia 4500
001 ebr10221942
003 CaPaEBR
006 m u
007 cr cn|||||||||
008 060821s2006 maua sb 001 0 eng d
020 _z1596930527
020 _z9781596930520
020 _z9781596930537
040 _aCaPaEBR
_cCaPaEBR
035 _a(OCoLC)228406850
050 1 4 _aTL798.N3
_bZ44 2006eb
100 1 _aZiedan, Nesreen I.
245 1 0 _aGNSS receivers for weak signals
_h[electronic resource] /
_cNesreen I. Ziedan.
260 _aNorwood, MA :
_bArtech House,
_cc2006.
300 _axiii, 234 p. :
_bill.
490 1 _aThe GNSS technology and applications series
504 _aIncludes bibliographic references and index.
533 _aElectronic reproduction.
_bPalo Alto, Calif. :
_cebrary,
_d2009.
_nAvailable via World Wide Web.
_nAccess may be limited to ebrary affiliated libraries.
650 0 _aArtificial satellites in navigation.
650 0 _aGlobal Positioning System.
655 7 _aElectronic books.
_2local
710 2 _aebrary, Inc.
830 0 _aGNSS technology and applications series.
856 4 0 _uhttp://site.ebrary.com/lib/rucke/Doc?id=10221942
_zAn electronic book accessible through the World Wide Web; click to view
999 _c242336
_d242336